Los cuerpos en la cultura, la cultura en los cuerpos : sobre las (nuevas) formas de habitar la escuela

El presente artículo procura describir las formas que asume la vida escolar en contextos de pobreza urbana atendiendo, específicamente, a los modos corporales de estar en la escuela, indagando las formas en que los estudiantes habitan el espacio y el tiempo escolar a partir de la perspectiva del Emb...

Descripción completa

Detalles Bibliográficos
Autor principal: Armella, Julieta
Otros Autores: Dafunchio, Sofía (autora)
Formato: Analitica de revista
Lenguaje:español
Publicado: Brasil : Centro de Estudos Educação e Sociedade - Cedes, 2015.
Acceso en línea:Acceso electrónico al documento

MARC

LEADER 00000nam a22000007a 4500
008 251016s2015 bl |||| |||| 00| 0 spa d
040 |a UAHC  |c UAHC 
100 |a Armella, Julieta  |9 22367 
245 1 0 |a Los cuerpos en la cultura, la cultura en los cuerpos :  |b sobre las (nuevas) formas de habitar la escuela  |c Julieta Armella ; Sofía Dafunchio. 
260 |a Brasil :  |b Centro de Estudos Educação e Sociedade - Cedes,  |c 2015. 
300 |a 25 páginas. 
500 |a En : Educacão & Sociedade, volumen 36, número 133. 2015. Desde la página 1079 a la 1095. 
520 |a El presente artículo procura describir las formas que asume la vida escolar en contextos de pobreza urbana atendiendo, específicamente, a los modos corporales de estar en la escuela, indagando las formas en que los estudiantes habitan el espacio y el tiempo escolar a partir de la perspectiva del Embodiment: la experiencia corporizada como punto de partida para analizar la participación humana en el mundo cultural. (CSORDAS, 2011) Este trabajo se enmarca en un proyecto de investigación que se interroga sobre las características que presentan los dispositivos pedagógicos en emplazamientos urbanos de extrema pobreza de la Provincia de Buenos Aires, Argentina. Presentaremos avances de la investigación recuperando escenas observadas en el trabajo de campo en escuelas secundarias. 
700 |a Dafunchio, Sofía  |9 22368  |e autora 
856 |y Acceso electrónico al documento  |u https://doi.org/10.1590/ES0101-73302015140391 
942 |c REVA 
952 |0 0  |1 0  |4 0  |6 RECURSO_ELECTRÓNICO  |7 0  |8 COMP  |9 101381  |a BR  |b BR  |c Digital  |d 2025-10-16  |l 0  |o Recurso electrónico  |r 2025-10-16 17:18:58  |w 2025-10-16  |y REVA  |B PBAS 
999 |c 63095  |d 63095